The burrowing sponges of Bermuda /

Bibliographic Details
Main Author: Rützler, Klaus
Corporate Author: Smithsonian Institution
Format: Government Document eBook
Language:English
Published: Washington, D.C. : Smithsonian Institution Press, 1974.
Series:Smithsonian contributions to zoology ; no. 165.
Subjects:
Online Access:https://purl.fdlp.gov/GPO/gpo32617

MARC

Tag First Indicator Second Indicator Subfields
LEADER 00000cam a2200000 a 4500
001 in00002813921
005 20211120170803.0
006 m o d f
007 cr bn|||||||||
008 091110s1974 dcua ob f000 0 eng c
035 |a (OCoLC)ocn464610403 
040 |a MUU  |b eng  |c MUU  |d OCLCQ  |d CUS  |d OCLCQ  |d GPO  |d MvI  |d UtOrBLW 
042 |a pcc 
043 |a lnbm--- 
049 |a WWW 
074 |a 0910-D (online) 
086 0 |a SI 1.27:165 
100 1 |a Rützler, Klaus. 
245 1 4 |a The burrowing sponges of Bermuda /  |c Klaus Rützler. 
264 1 |a Washington, D.C. :  |b Smithsonian Institution Press,  |c 1974. 
300 |a 1 online resource (iii, 32 pages) :  |b illustrations 
336 |a text  |b txt  |2 rdacontent 
337 |a computer  |b c  |2 rdamedia 
338 |a online resource  |b cr  |2 rdacarrier 
490 1 |a Smithsonian contributions to zoology ;  |v no. 165 
588 |a Title from title screen (viewed Nov. 10, 2009). 
504 |a Includes bibliographical references (page 32). 
500 |a Electronic resource. 
650 0 |a Sponges  |z Bermuda Islands. 
710 2 |a Smithsonian Institution. 
776 0 8 |i Print version:  |a Rützler, Klaus.  |t Burrowing sponges of Bermuda  |w (DLC) 73012864  |w (OCoLC)695590 
830 0 |a Smithsonian contributions to zoology ;  |v no. 165. 
856 4 0 |u https://purl.fdlp.gov/GPO/gpo32617  |t 0 
999 |a MARS 
999 f f |s 0a809b95-943d-35e3-9c84-410184ec6c97  |i 1179cfac-b349-3e4b-b788-c7cbb74b1fce  |t 0 
952 f f |a Texas A&M University  |b College Station  |c Electronic Resources  |d Available Online  |t 0  |e SI 1.27:165  |h Superintendent of Documents classification 
998 f f |a SI 1.27:165  |t 0  |l Available Online